000 00683nam a22002177a 4500
003 UA-OsUOA
001 36891
007 ta
008 20061110b un ||||| |||| 00| 0 ukr d
090 _a050.9
_bК17
942 _cBK
040 _aUA-OsUOA
_bukr
_cUA-OsUOA
_dUA-OsUOA
245 _aКалендар Рідна Нива на звичайний рік 1963
300 _a176 с.
955 _a1
041 _aukr
080 _a050.9
260 _aВінніпег
_c1963
650 7 _a050 Серійні публікації. Періодика галузі, Організація та інші типи поєднання (співробітництва)
_2UDC
999 _c435420
_d435420